000 003640000a22001570004500
001 001910
003 MACL
040 _aMACL
090 _c13903
_d13902
100 _aBhuteshananda, Swami
245 _aSri Ramakrishna and His Gospel Volume I
_cSwami Bhuteshananda
260 _aAdvaita Ahrama,
_c2000
350 _a125
650 _aReligion
942 _k295
_cBook
999 _c13826
_d13826